| 000 | 02218nam a2200397 4500 | ||
|---|---|---|---|
| 003 | OSt | ||
| 005 | 20260514111054.0 | ||
| 008 | 260514b |||||||| |||| 00| 0 aze d | ||
| 020 | _a9789952347968 | ||
| 020 | _a9789952347982 | ||
| 040 |
_aAZ-XaKU _baze _cAZ-XaKU |
||
| 041 | 0 | _aaze | |
| 050 | 1 | 4 | _aHC15 .S1872 2012 |
| 245 | 1 | 0 |
_aBöyük İqtisadi Ensiklopediya _c/ İdeya müəllifi , baş redaktor və ön söz Ziyad Əliabbas oğlu Səmədzadə ; redaksiya heyəti Əli Abbasov, İbad Abbasov, Vahid Axundov [və b.] ; məsləhətçilər L. İ. Abalkin, A. A. Nadirov, V. N. Krasilnikov [və b.] ; korrektorlar Pərinaz Səmədova, Gültəkin Yusifova ; texniki redaktor Rövşən Ağayev ; nəşriyyat direktoru Rasim Müzəffərli _nI cild _pABCÇD |
| 264 |
_aBakı : _bAzərbaycan İqtisadçilar İttifaqı, _b"Şərq-Qərb" Nəşriyyat evi, _c2012. |
||
| 300 |
_a612 səhifə ; _bşəkil, cədvəl, xəritə, qrafik, sxem, faksmile ; _c31 sm. |
||
| 336 |
_atext _btxt _2rdacontent |
||
| 337 |
_aunmediated _bn _2rdamedia |
||
| 338 |
_avolume _bnc _2rdacarrier |
||
| 520 | 0 | _aBurada dünya iqtisadiyyatı ilə yanaşı, Azərbaycan iqtisadiyyatının müxtəlif sahələri, bazar strukturları, infrastrukturları, aparıcı maliyyə, bank institutları haqqında yığcam məlumat öz əksini tapmışdır. 7000-dən çox termin-məqaləni əhatə edən bu ensiklopediya MDB məkanında milli dildə işıq üzü görmüş ilk irihəcmli nəşrdir. | |
| 650 | 7 |
_2AZ-XaKU _aİqtisadiyyat |
|
| 655 |
_2AZ-XaKU _aEnsiklopediya. |
||
| 700 | 1 |
_aSəmədzadə, Ziyad Əliabbas oğlu, _d1940- _eideya müəllifi, baş redaktor və ön söz. |
|
| 700 | 1 |
_aAbbasov, Əli, _eredaksiya heyəti. |
|
| 700 | 1 |
_aAbbasov, İbad, _eredaksiya heyəti. |
|
| 700 | 1 |
_aAxundov, Vahid, _eedaksiya heyəti. |
|
| 700 | 1 |
_aAbalkin, L. İ., _eməsləhətçi. |
|
| 700 | 1 |
_aNadirov, A. A., _eməsləhətçi. |
|
| 700 | 1 |
_aKrasilnikov, V. N., _eməsləhətçi. |
|
| 700 | 1 |
_aSəmədova, Pərinaz, _ekorrektor. |
|
| 700 | 1 |
_aYusifova, Gültəkin, _ekorrektor. |
|
| 700 | 1 |
_aAğayev, Rövşən, _etexniki redaktor. |
|
| 700 | 1 |
_aMüzəffərli, Rasim, _enəşriyyat direktoru. |
|
| 942 | _cBOOK | ||
| 999 |
_c471 _d471 |
||